000 00449nam a2200193Ia 4500
008 210210b1958 xxu||||| |||| 00| 0 eng d
041 _aeng
082 _a828/221
100 _aFARJEON (Eleanor)
245 _aEdward Thomas: last four years
260 _aLondon
_bOxford University Press
_c1958
650 _ayears
650 _aThomas:
650 _alast
650 _afour
650 _aEdward
690 _aBiography
906 _a016067
999 _c135457
_d135457